00656nam a2200181 a 450000100100000000500170001000800410002704000250006811000650009324500170015824600540017526000850022930000200031404900090033404900090034395201050035299900170045700003163320200930063050.0110628s19uu dr 000 0 spa d aDO-SdBNPbspacBNPHU1 aSociead Dominicana de Sismología Ingenieria Sismica95793910aSodosismica.14aSodosismica :bestatutos y acta de constitución aSanto Domingo :bSociead Dominicana de Sismología Ingenieria Sismica,c[19u?]. a22 P. ;c22 cm. aBNPD aBNPD 0010718PDaPDbPDcCTd2011-06-28iLF1l0o p31633-10r2020-06-25w2020-06-25yLFPDZNo se presta c31125d31125